000 01228nam0a2200373 4500
001 RU\NLR\bibl\255130
005 20250620124157.0
010 _a5-329-00263-X
_915000
021 _aRU
_b2001-48752
_92351
035 _a(NLR Aleph) 000250890
090 _a1463922
_c1463922
100 _a20020204d2001 |||y0rusy50 ca
101 1 _arus
102 _aRU
105 _aa |||||||||
200 1 _aВремя
_e[Для дошк. возраста
_fА. Холден
_gПер. Дины Крупской]
210 _aМ.
_cОникс
_d2001
215 _a31 с.
_cцв. ил.
_d29
225 1 _aВеселые уроки
300 _aАвт. указан на 4-й с. обл.
606 0 _aВремя - Изучение
606 0 _aДети дошкольного возраста - Подготовка к школе - Учебно-наглядные пособия
675 _a372.48
_v3
_zrus
686 _a14.23
_2rugasnti
686 _a74.102
_2rubbk
686 _aШ9
_bВ618
700 1 _aХолден
_bА.
_gАрианна
_4070
801 0 _aRU
_bRKP
_c20020204
_gPSBO
801 1 _aRU
_bRKP
_c20020204
801 2 _aRU
_bNLR
_c20020527
_grcr
942 _cBOOK
980 _aNB